Life Expectancy Within 5 Years - Statistics

General Stats
  • This quiz has been taken 31 times
  • The average score is 10 of 16
Answer Stats
Hint Answer % Correct
Germany 82
96%
Japan 85
96%
United States 80
92%
Brazil 76
88%
Egypt 72
84%
Haiti 65
76%
India 72
76%
North Korea 74
60%
Nigeria 55
48%
Mexico 75
48%
China 78
48%
Qatar 83
48%
Indonesia 71
44%
Russia 74
44%
South Africa 66
36%
Iran 78
28%
No matching quizzes found
Score Distribution
Percent of People with Each Score
Percentile by Number Answered
Your Score History
You have not taken this quiz